Southville International School and Colleges
Your cart is empty.
  • Cart
  • Lists
    Public lists Eva Luna New books Lux_list list_1
    Your lists Log in to create your own lists
  • Log in to your account
  • Your cookies
  • Search history
Southville International School and Colleges
  • Advanced search
  • Recent comments
  • Most popular
  • Libraries

Log in to your account

Log in with GOOGLE


If you do not have an external account, but do have a local account, you can still log in:

  1. Home
  2. MARC view: Microbiology for the health sciences
Normal view MARC view ISBD view

Microbiology for the health sciences (Record no. 39115)

[ view plain ]
MARC details
000 -LEADER
fixed length control field 00657nam a22002537a 4500
003 - CONTROL NUMBER IDENTIFIER
control field CEu
005 - DATE AND TIME OF LATEST TRANSACTION
control field 20140311162958.0
008 - FIXED-LENGTH DATA ELEMENTS--GENERAL INFORMATION
fixed length control field 130226t xxu||||| |||| 00| 0 eng d
020 ## - INTERNATIONAL STANDARD BOOK NUMBER
International Standard Book Number 9715131441
050 ## - LIBRARY OF CONGRESS CALL NUMBER
Classification number QR 41.2
Item number .B88 1996
100 ## - MAIN ENTRY--PERSONAL NAME
Personal name Burton, Gwendolyn R.W.
245 ## - TITLE STATEMENT
Title Microbiology for the health sciences
Statement of responsibility, etc Gwendolyn R.W. Burton, Paul G. Engelkirk
250 ## - EDITION STATEMENT
Edition statement 5th ed.
260 ## - PUBLICATION, DISTRIBUTION, ETC. (IMPRINT)
Place of publication, distribution, etc Philadelphia
Name of publisher, distributor, etc Lippincott
Date of publication, distribution, etc 1996
300 ## - PHYSICAL DESCRIPTION
Extent xiv, 444 p. :
Other physical details ill. (some col.) ;
Dimensions 23 cm.
521 ## - TARGET AUDIENCE NOTE
Target audience note
562 ## - COPY AND VERSION IDENTIFICATION NOTE
Number of copies 1
942 ## - ADDED ENTRY ELEMENTS (KOHA)
Source of classification or shelving scheme Library of Congress Classification
Koha item type Books
Call number prefix Foreign
Holdings
Withdrawn status Lost status Source of classification or shelving scheme Damaged status Home library Current library Shelving location Date acquired Total Checkouts Full call number Barcode Date last seen Copy number Price effective from Koha item type
    Library of Congress Classification   College Library College Library General Circulation Section 12/12/2013   QR 41.2 .B88 1996 C4864 05/15/2018 6 12/12/2013 Books

Microbiology for the health sciences

APA

Burton G. R., . (1996). Microbiology for the health sciences. Philadelphia: Lippincott.

Chicago

Burton Gwendolyn R.W, . 1996. Microbiology for the health sciences. Philadelphia: Lippincott.

Harvard

Burton G. R., . (1996). Microbiology for the health sciences. Philadelphia: Lippincott.

MLA

Burton Gwendolyn R.W, . Microbiology for the health sciences. Philadelphia: Lippincott. 1996.

  • Place hold
  • Print
  • Cite
  • Add to your cart (remove)
  • Save record
    BIBTEX Dublin Core MARCXML MARC (non-Unicode/MARC-8) MARC (Unicode/UTF-8) MARC (Unicode/UTF-8, Standard) MODS (XML) RIS
  • More searches
    Search for this title in:
    Other Libraries (WorldCat) Other Databases (Google Scholar) Online Stores (Bookfinder.com) Open Library (openlibrary.org)

Exporting to Dublin Core...

SOUTHVILLE LIBRARY

Southville International School and Colleges Library

1281 Tropical Ave. Cor. Luxembourg St., BF Homes International, Las Pinas City

Tel. No. 8256374 / 252358 Loc. 117/146

Powered by Koha